Statistical methods in the atmospheric sciences / (Record no. 703)
[ view plain ]
| 000 -LEADER | |
|---|---|
| fixed length control field | 00979nam a22002897a 4500 |
| 001 - CONTROL NUMBER | |
| control field | 16667351 |
| 005 - DATE AND TIME OF LATEST TRANSACTION | |
| control field | 20231102082446.0 |
| 008 - FIXED-LENGTH DATA ELEMENTS--GENERAL INFORMATION | |
| fixed length control field | 231102b |||||||| |||| 00| 0 eng d |
| 010 ## - LIBRARY OF CONGRESS CONTROL NUMBER | |
| LC control number | 2011007894 |
| 020 ## - INTERNATIONAL STANDARD BOOK NUMBER | |
| International Standard Book Number | 9780123850225 (alk. paper) |
| 040 ## - CATALOGING SOURCE | |
| Original cataloging agency | DLC |
| Transcribing agency | KMU |
| Modifying agency | KMU |
| Description conventions | rda |
| 050 00 - LIBRARY OF CONGRESS CALL NUMBER | |
| Classification number | QC 874.5 Wil |
| 100 1# - MAIN ENTRY--PERSONAL NAME | |
| Personal name | Wilks, Daniel S. |
| 245 10 - TITLE STATEMENT | |
| Title | Statistical methods in the atmospheric sciences / |
| Statement of responsibility, etc. | D.S. Wilks. |
| 250 ## - EDITION STATEMENT | |
| Edition statement | 3rd ed. |
| 260 ## - PUBLICATION, DISTRIBUTION, ETC. | |
| Place of publication, distribution, etc. | Amsterdam ; |
| -- | Boston : |
| Name of publisher, distributor, etc. | Elsevier/Academic Press, |
| Date of publication, distribution, etc. | 2011 |
| 300 ## - PHYSICAL DESCRIPTION | |
| Extent | xix, 676 p. : |
| Other physical details | ill., maps ; |
| Dimensions | 25 cm. |
| 490 0# - SERIES STATEMENT | |
| Series statement | International geophysics series ; |
| Volume/sequential designation | v. 100 |
| 504 ## - BIBLIOGRAPHY, ETC. NOTE | |
| Bibliography, etc. note | Includes bibliographical references and index. |
| 650 00 - SUBJECT ADDED ENTRY--TOPICAL TERM | |
| Topical term or geographic name entry element | Atmospheric physics |
| General subdivision | Statistical methods. |
| 650 00 - SUBJECT ADDED ENTRY--TOPICAL TERM | |
| Topical term or geographic name entry element | Physics. |
| 650 00 - SUBJECT ADDED ENTRY--TOPICAL TERM | |
| Topical term or geographic name entry element | Science. |
| 650 00 - SUBJECT ADDED ENTRY--TOPICAL TERM | |
| Topical term or geographic name entry element | Geology. |
| 906 ## - LOCAL DATA ELEMENT F, LDF (RLIN) | |
| a | 0 |
| b | vip |
| c | orignew |
| d | 1 |
| e | ecip |
| f | 20 |
| g | y-gencatlg |
| 942 ## - ADDED ENTRY ELEMENTS (KOHA) | |
| Source of classification or shelving scheme | Library of Congress Classification |
| Koha item type | Non-Fiction |
| Suppress in OPAC | No |
| Withdrawn status | Lost status | Source of classification or shelving scheme | Damaged status | Not for loan | Collection | Home library | Current library | Shelving location | Date acquired | Source of acquisition | Total Checkouts | Full call number | Barcode | Date last seen | Price effective from | Koha item type |
|---|---|---|---|---|---|---|---|---|---|---|---|---|---|---|---|---|
| Library of Congress Classification | Non-fiction | Kapasa Makasa University | Kapasa Makasa University | Open Access | 02.11.2023 | Zambia Library Service | QC 874.5 Wil | 300608 | 02.11.2023 | 02.11.2023 | Non-Fiction |